000 00572nam a22001697a 4500
003 BD-DhUL
005 20170928103457.0
008 170928s1326 ua ||||| |||| 00| 0 ara d
040 _aBD-DhUL
_cBD-DhUL
082 _a920
_bQIA
100 1 _aعلی بن القاضی الاشرف، الغفطي
245 1 0 _aاخبار العلماء بآخبار الحکماء /
_cعلی بن القاضی الاشرف الغفطي
260 _aمصر :
_bمطبعہ السعادۃ،
_c۱۳۲۶۔
300 _aص۔ ۲۸۸ ؛
_c۲۴ سم۔
650 0 _aBiography
942 _2ddc
_cBK
999 _c214470
_d214470